Erfolgreichster Verein pro Sportart (Deutschland) - Statistiken

Allgemein
  • Dieses Quiz wurde 372 mal gespielt
    228 seit der letzten Aktualisierung
  • Das Durchschnittsergebnis liegt bei 3 aus 9
Antwortstatistiken
Sportart Verein % Korrekt
Fußball Bayern München
100%
Handball THW Kiel
78%
Eishockey (nur auf DEL bezogen) Eisbären Berlin(Aller Zeiten: EV Füssen)
63%
Volleyball Berlin Recycling Volleys
24%
Basketball Bayer Giants Leverkusen
15%
Wasserball Wasserfreunde Spandau 04
15%
Feldhockey Uhlenhorst Mülheim
6%
American Football Braunschweig Lions
3%
Rugby TSV Victoria Linden
3%
Keine übereinstimmenden Quizze gefunden
Verteilung der Resultate
Anzahl Personen mit jedem Resultat
Perzentil nach korrekt beantworteten Fragen
Ihre Resultats-Entwicklung
Sie haben dieses Quiz seit der letzten Aktualisierung nicht gespielt